| 000 | 00570nam a22001937a 4500 | ||
|---|---|---|---|
| 005 | 20250509104810.0 | ||
| 010 | _aENG-144893 ENG-138281 | ||
| 020 |
_a9789383278459 _c650.00 |
||
| 035 | _aEN-121813 | ||
| 035 | _aEN-128425 | ||
| 037 | _bDBAD | ||
| 082 |
_a158.1 _b1 |
||
| 100 |
_aK.K. Singh _981141 |
||
| 245 |
_aBody Language/ _cK.K. Singh |
||
| 260 |
_aDelhi _bBook Tree Publishing House _c2022 |
||
| 270 |
_aAtmaram building 1376 Kashmere Gate, Opp. Indian Book _bDelhi _e110032 |
||
| 300 |
_a160p. _c23cm(hb) |
||
| 942 |
_2ddc _cEN _h158.1 _mKKS |
||
| 999 |
_c198811 _d198811 |
||